| 000 | 00397nam a2200181Ia 4500 | ||
|---|---|---|---|
| 001 | 14102 | ||
| 005 | 20260306164849.0 | ||
| 008 | 260306t1995||||xx |||||||||||||| ||spa|| | ||
| 041 | _aESP | ||
| 082 |
_a006.6 _bH31 |
||
| 100 |
_aHearn, Donald _eAUT |
||
| 245 | 0 | _aGráficas por computadoras | |
| 260 | _c1995 | ||
| 300 |
_a _c |
||
| 650 | _aGEN | ||
| 654 | _aCCC | ||
| 942 |
_cLIB _dJUS _fJUS _2ddc _n |
||
| 999 |
_c14102 _d14102 |
||